Systém pre telerealitu
Na minha lista:
| Autor principal: | |
|---|---|
| Outros Autores: | |
| Formato: | Manuscrito Livro |
| Idioma: | eslovaco |
| Publicado em: |
Bratislava :
STU v Bratislave FEI,
2023
|
| Assuntos: | |
| Acesso em linha: | https://opac.crzp.sk/?fn=detailBiblioFormChildC7OJD&sid=F806E6B7D49B8C8B1B60FBF8458C&seo=CRZP-detail-kniha |
| Tags: |
Sem tags, seja o primeiro a adicionar uma tag!
|
MARC
| LEADER | 00000ntm a22000003a 4500 | ||
|---|---|---|---|
| 001 | stuzp91980 | ||
| 003 | SK-STU | ||
| 005 | 20241127100807.0 | ||
| 007 | ta | ||
| 008 | 150427s2015----xo-----f-mn---000-0-slo-d | ||
| 040 | |a STU |b slo | ||
| 041 | 0 | |a slo | |
| 044 | |a xo | ||
| 100 | 1 | |a Král, Jakub Tomáš |u 037000 |4 aut |U FEI Fakulta elektrotechniky a informatiky |T FEI Ústav multimediálnych informačných a komunikačných technológií |X 98305 |U E070 |Y 818 |7 98305 | |
| 242 | 0 | 1 | |a System for telereality |y eng |
| 245 | 1 | 0 | |a Systém pre telerealitu |
| 260 | |a Bratislava : |b STU v Bratislave FEI, |c 2023 | ||
| 300 | |a 59 s. | ||
| 650 | 4 | |a Stereoskopický Obraz |2 slo | |
| 650 | 4 | |a Telerealita |2 slo | |
| 650 | 4 | |a Unity |2 slo | |
| 650 | 4 | |a Unity Render Streaming |2 slo | |
| 650 | 4 | |a Virtuálna Realita |2 slo | |
| 650 | 4 | |a Unity |2 eng | |
| 650 | 4 | |a Stereoscopic vision |2 eng | |
| 650 | 4 | |a Telereality |2 eng | |
| 650 | 4 | |a Virtual Reality |2 eng | |
| 650 | 4 | |a Unity Render Streaming |2 eng | |
| 700 | 1 | |a Vargic, Radoslav |u 037000 |k Z1 |4 ths |U FEI Fakulta elektrotechniky a informatiky |T FEI Ústav multimediálnych informačných a komunikačných technológií |X 1918 |U E070 |Y 818 |7 A000001918 | |
| 856 | 4 | |u https://opac.crzp.sk/?fn=detailBiblioFormChildC7OJD&sid=F806E6B7D49B8C8B1B60FBF8458C&seo=CRZP-detail-kniha | |